ARRUPE JESUIT UNIVERSITY

CORONAVIRUS -STOP THE SPREAD - CLEAN,DISINFECT,COVER

Educability and group differences (Record no. 124425)

MARC details
000 -LEADER
fixed length control field 00964cam a2200337 4500
001 - CONTROL NUMBER
control field 345104
003 - CONTROL NUMBER IDENTIFIER
control field ARRUPE
005 - DATE AND TIME OF LATEST TRANSACTION
control field 20160322112347.0
008 - FIXED-LENGTH DATA ELEMENTS--GENERAL INFORMATION
fixed length control field 850521r1973 nyua b 001 0 eng
010 ## - LIBRARY OF CONGRESS CONTROL NUMBER
LC control number 72009126
020 ## - INTERNATIONAL STANDARD BOOK NUMBER
International Standard Book Number 0060121947
035 ## - SYSTEM CONTROL NUMBER
System control number (OCoLC)698446
035 ## - SYSTEM CONTROL NUMBER
System control number (OCoLC)ocm00698446
035 ## - SYSTEM CONTROL NUMBER
System control number (CStRLIN)NYCG85-B48403
035 ## - SYSTEM CONTROL NUMBER
System control number (NNC)345104
040 ## - CATALOGING SOURCE
Modifying agency NNC
Transcribing agency Arrupe
050 0# - LIBRARY OF CONGRESS CALL NUMBER
Classification number LB1134
Item number .J39
082 ## - DEWEY DECIMAL CLASSIFICATION NUMBER
Classification number 370.15/2
090 ## - LOCALLY ASSIGNED LC-TYPE CALL NUMBER (OCLC); LOCAL CALL NUMBER (OCLC)
Classification number (OCLC) (R) ; Classification number, CALL (RLIN) (NR) LB1134
Local cutter number (OCLC) ; Book number/undivided call number, CALL (RLIN) .J39
300 ## - PHYSICAL DESCRIPTION
Other physical details illus.
Dimensions 22 cm.
100 1# - MAIN ENTRY--PERSONAL NAME
Personal name Jensen, Arthur Robert.
9 (RLIN) 23157
245 10 - TITLE STATEMENT
Title Educability and group differences
Statement of responsibility, etc [by] Arthur R. Jensen.
260 ## - PUBLICATION, DISTRIBUTION, ETC. (IMPRINT)
Place of publication, distribution, etc London,
Name of publisher, distributor, etc Methuen and Co. LTD.
Date of publication, distribution, etc [1973]
300 ## - PHYSICAL DESCRIPTION
Extent viii, 407 p.
500 ## - GENERAL NOTE
General note Includes index.
504 ## - BIBLIOGRAPHY, ETC. NOTE
Bibliography, etc Bibliography: p. [376]-396.
650 #0 - SUBJECT ADDED ENTRY--TOPICAL TERM
Topical term or geographic name as entry element Intelligence levels.
9 (RLIN) 19145
650 #0 - SUBJECT ADDED ENTRY--TOPICAL TERM
Topical term or geographic name as entry element Learning ability.
9 (RLIN) 23158
650 #0 - SUBJECT ADDED ENTRY--TOPICAL TERM
Topical term or geographic name as entry element Students
General subdivision Social-economic status
9 (RLIN) 23159
942 ## - ADDED ENTRY ELEMENTS (KOHA)
Source of classification or shelving scheme Library of Congress Classification
Koha item type Monograph ( Printed materials)
Holdings
Withdrawn status Lost status Source of classification or shelving scheme Damaged status Not for loan Collection code Home library Current library Shelving location Date acquired Total Checkouts Full call number Barcode Date last seen Price effective from Koha item type
    Library of Congress Classification     Main Collection ARRUPE LIBRARY ARRUPE LIBRARY Main Collection 22/03/2016   LB1134 .J39 1973 46500007085 28/06/2018 22/03/2016 Monograph ( Printed materials)

 

Arrupe Library. PO Box MP320 Mt Pleasant, Harare, Zimbabwe
263 242 745411|librarian@aju.ac.zw